000 00224 a2200097 4500
001 44253
100 _aMoon
245 _aArtificial Radio Activity
260 _aLondon
_bCambridge University Press
_c
090 _c27996
_d27996
942 _aNUST-CAE
_cM
_c19997
999 _c279326
_d279326